| 000 | 00530nam a2200157Ia 4500 | ||
|---|---|---|---|
| 008 | 210716s2007 xx 000 0 und d | ||
| 020 | _a9780070633780 | ||
| 041 | _aeng | ||
| 082 | _a005.304 NADR | ||
| 100 | _aNandyal, Raghav S. | ||
| 245 |
_aMaking sense of software quality assurance: gaining from quality audits and assessments. _bGaining from quality audits and assessments. |
||
| 250 | _a1 | ||
| 260 |
_aNew Delhi _bTata McGraw Hill Publishing Company Ltd _c2007 |
||
| 300 | _axxviii,350 | ||
| 650 | _aSoftware Engineering | ||
| 999 |
_c190738 _d190738 |
||